000 00751nam a22002177a 4500
999 _c61637
_d61637
005 20240403170741.0
008 240403s2007 enk||||| |||| 00| 0 eng d
020 _a 9780443100857x
041 _aeng
080 _a616-089.5 T-42
245 _aTextbook of Anaesthesia /
_c Alan.R Aitkenhead; Graham Smith; David.J Rowbotham.
250 _aFifth edition
264 _aEdinburgh,
_bElsevier,
_c2007.
300 _a858 p.:
_bill.;
_c24 cm.
653 _aანესთეზია
653 _aმედიცინა
700 _a Aitkenhead, Alan.R.
_eრედაქტორი
_921702
700 _aSmith, Graham
_eრედაქტორი
_921703
700 _aRowbotham, David.J.
_eრედაქტორი
_921704
942 _2udc
_cBK